Medidas cautelares no processo penal

Detalles Bibliográficos
Autor principal: Santoro Filho, Antonio Carlos
Formato: eBook
Lenguaje:portugués
Publicado: San Pablo: Letras Jurídicas Editora, 2011
Materias:
Acceso en línea:Acceso restringido

MARC

LEADER 00000nam a22000007a 4500
005 20200723232032.0
007 cr|||| ||||
008 200723s2011 br |||||s|||| 00||0 por d
020 |a 978-85-89917-82-7 
035 |a 31878 
040 |a vLex 
090 |c 10703  |d 10703 
100 1 |a Santoro Filho, Antonio Carlos 
245 1 0 |a Medidas cautelares no processo penal  |h [Recurso electrn̤ico] /  |c Antonio Carlos Santoro Filho 
256 |a Servicio en ln̕ea 
260 |a San Pablo:  |b Letras Jurídicas Editora,  |c 2011 
300 |a 1 recurso electrn̤ico 
500 |a Aps̤ 10 (dez) anos de tramitaȯ̂, o projeto de lei n. 4.208/2001, originado do II Pacto Republicano e de iniciativa do Executivo, que contou com intensos debates e a apresentaȯ̂ de substitutivos tanto no Senado, como na Cḿara Federal, foi aprovado pelo Congresso Nacional e sancionado pela Presidenta da Repb︢lica - Lei n. 12.403, de 04 de maio de 2011. Sobre a nova lei trata esta pequena monografia. 
506 1 |a Disponible solo en los productos indicados  |d vLex Global  |d vLex Global (Academic Edition, excluding Law Schools)  |d vLex Global (U.S. Academic Edition, Law Schools)  |d vLex Global (U.S. Academic Edition, excluding Law Schools)  |d vLex Global (Academic Edition, Law Schools) 
650 0 4 |a Procedimiento Penal  |z Brasil 
740 0 |a vLex Libros (Servicio en ln̕ea) 
856 4 0 |u http://vlex.com/source/medidas-cautelares-no-processo-penal-31878  |z Acceso restringido 
942 |c BOOK 
999 0 |a Penal procedure